La guerra germano-francesa de 1870-71 / (Record no. 154854)
[ view plain ]
| 000 -LEADER | |
|---|---|
| campo de control de longitud fija | 01362nam a2200181 i 4500 |
| 001 - NÚMERO DE CONTROL | |
| campo de control | 154854 |
| 003 - IDENTIFICADOR DE NÚMERO DE CONTROL | |
| campo de control | ES-MaACL |
| 005 - FECHA Y HORA DE LA ÚLTIMA TRANSACCIÓN | |
| campo de control | 20230906205859.0 |
| 008 - DATOS DE LONGITUD FIJA--INFORMACIÓN GENERAL | |
| campo de control de longitud fija | 011030s1872 sp ae |||| | spa d |
| 245 03 - MENCIÓN DEL TÍTULO | |
| Título | La guerra germano-francesa de 1870-71 / |
| Mención de responsabilidad, etc. | redactada por la Sección de Historia del Gran Estado Mayor de Prusia ; traducida al español por una comisión del Cuerpo de Estado Mayor del Ejército. |
| 260 ## - PUBLICACIÓN, DISTRIBUCIÓN, ETC. | |
| Lugar de publicación, distribución, etc. | Madrid : |
| Nombre del editor, distribuidor, etc. | [s.n.], |
| Fecha de publicación, distribución, etc. | 1872 ( |
| Fabricante | Imp. y litografía del Depósito de la Guerra) |
| 300 ## - DESCRIPCIÓN FÍSICA | |
| Extensión | 1 v. (pág. variada) : |
| Otras características físicas | il. ; |
| Dimensiones | 24 cm. |
| 505 8# - NOTA DE CONTENIDO CON FORMATO | |
| Nota de contenido con formato | Contiene: Primera parte. Historia de la guerra hasta la caida del Imperio : Entrega 1ª. Sucesos del mes de julio ; Entrega 2ª. Sucesos militares hasta la víspera de las batallas de Woerth y de Spicheren ; Entrega 3ª. Batallas de Woert y de Spicheren ; Entrega 4ª. Marcha del III Ejército sobre la Mosela : acontecimientos militares hasta la tarde del 14 de agosto ; Entrega 5ª y última del tomo I. Observaciones verificadas alrededor de Metz, los dias 15, 16 y 17 de agosto. Batalla de Vionville-Mars-La-Tour (VIII, 693, 151, [3] p., [9] planos) |
| 596 ## - NOTA AL PIE DE IMPRENTA | |
| NOTA AL PIE DE IMPRENTA | Entrega 2ª impresa en 1873 y entregas 3ª a 5ª en 1874. |
| 650 #4 - PUNTO DE ACCESO ADICIONAL DE MATERIA--TÉRMINO DE MATERIA | |
| Término de materia o nombre geográfico como elemento de entrada | Guerra franco-prusiana, 1870-1871. |
| 9 (RLIN) | 136210 |
| 710 1# - ENTRADA AGREGADA--NOMBRE DE ENTIDAD CORPORATIVA | |
| Nombre de entidad corporativa o nombre de jurisdicción como elemento de entrada | España. |
| Unidad subordinada | Cuerpo de Estado Mayor del Ejército. |
| 9 (RLIN) | 140419 |
| 852 ## - LOCALIZACIÓN | |
| Ubicación | ES-MaACL |
| Número de control de estantería | G-6634 |
| Nota libre | - Enc. hol. |
| Estatus retirado | Estado de pérdida | Estado de daño | No para préstamo | Colección | Biblioteca de origen | Biblioteca actual | Ubicación en estantería | Fecha de adquisición | Fuente de adquisición | Total de préstamos | Signatura topográfica completa | Código de barras | Visto por última vez | Precio de reemplazo | Tipo de ítem Koha |
|---|---|---|---|---|---|---|---|---|---|---|---|---|---|---|---|
| Libros del s. XIX | Biblioteca del Ateneo de Madrid | Biblioteca del Ateneo de Madrid | Depósito 2 | 17/01/2008 | G-6634 | 1161978 | 23/02/2023 | 23/02/2023 | Libro impreso antiguo |
